Industrial Relations : Emerging Paradigms (Record no. 175706)

MARC details
000 -LEADER
fixed length control field 00477nam a2200193Ia 4500
008 - FIXED-LENGTH DATA ELEMENTS--GENERAL INFORMATION
fixed length control field 240823s9999||||xx |||||||||||||| ||und||
020 ## - INTERNATIONAL STANDARD BOOK NUMBER
International Standard Book Number 81-7446-399-2
082 ## - DEWEY DECIMAL CLASSIFICATION NUMBER
-- 331 P5
100 ## - MAIN ENTRY--PERSONAL NAME
Personal name Singh B D
245 #0 - TITLE STATEMENT
Title Industrial Relations : Emerging Paradigms
250 ## - EDITION STATEMENT
Edition statement 1st
260 ## - PUBLICATION, DISTRIBUTION, ETC. (IMPRINT)
Date of publication, distribution, etc 2005
Name of publisher, distributor, etc Excel
Place of publication, distribution, etc New Delhi
500 ## - GENERAL NOTE
General note YES
650 ## - SUBJECT ADDED ENTRY--TOPICAL TERM
Topical term or geographic name as entry element Industrial Management
942 ## - ADDED ENTRY ELEMENTS (KOHA)
Item type Books
Holdings
Withdrawn status Lost status Damaged status Permanent location Current location Shelving location Date acquired Source of acquisition Cost, normal purchase price Full call number Barcode Date last seen Koha item type
      CENTRAL LIBRARY, NOORUL ISLAM CENTRE FOR HIGHER EDUCATION CENTRAL LIBRARY, NOORUL ISLAM CENTRE FOR HIGHER EDUCATION   09/11/2006 Tamil Nadu Book House 275.00 331 P5 29401 08/23/2024 Books
Visitors:
Copyright © 2024 Central Library NICHE.  All rights reserved.